| 000 | 00437nam a2200157Ia 4500 | ||
|---|---|---|---|
| 008 | 151021s9999 xx 000 0 und d | ||
| 020 | _a9.7881313062e+012 | ||
| 050 | _aBF 713 .M53 2011 | ||
| 245 | _a_Developmental psychology / R.C. Mishra | ||
| 260 | _aNew Delhi : A.P.H. , 2011 | ||
| 300 | _av,275 p. | ||
| 500 | _aIncludes index | ||
| 500 | _aIncludes index | ||
| 650 | _a_psychology | ||
| 980 | _a^d20131015 12:48:38^oanne | ||
| 999 |
_c14489 _d14489 |
||